|
|
|
|
| LEADER |
00000cam a2200000 7i4500 |
| 001 |
0000004654 |
| 005 |
20050915093000.0 |
| 008 |
021118s1992 |
| 090 |
0 |
0 |
|a BP166.76
|b .S8
|
| 100 |
0 |
|
|a سبحاني, جعفر ,
|e author
|
| 240 |
2 |
0 |
|a مفاحيم القران باب شفاعة
|l [Bahasa Indonesia]
|
| 245 |
1 |
0 |
|a Tentang dibenarkannya syafaat dalam Islam :
|b menurut al-Quran dan Sunnah
|c SyaikhJaafar Subhani
|f penerjemah Ahsin Muhammad
|
| 260 |
2 |
|
|a Jakarta :
|b Pustaka Hidayah ,
|c 1992
|
| 300 |
|
|
|a 194 p. ;
|c 19 cm.
|
| 500 |
|
|
|a Translation of: مفاحيم القرأن باب شفاعة
|
| 650 |
|
0 |
|a Mediation between God and man
|x Islam
|
| 999 |
|
|
|a 1000006529
|b Book
|c OPEN SHELF (30 DAYS)
|e Gong Badak Campus
|